000 00318nam a2200133 i 4500
001 bg
100 1 _aSZYMICZEK, Kazimierz
245 0 _aZbiór zadań z teorii grup /
_cKazimierz Szymiczek.
260 _aWarszawa,
_c1989.
040 _cBPK
041 _apol
942 _cKS
008 s pl f |000 0 pol
999 _c3959
_d3959
856 _uhttp://koha.tu.koszalin.pl/cgi-bin/koha/opac-detail.pl?biblionumber=3959
_yKatalog online BPK